000 00595nam a2200157 a 4500
008 120416s1958 ||||||||||||||||| || u
050 _aHD 82 Uni
110 _aUnited Nations Organisation (UNO)
245 1 0 _aManual on economic development projects
260 _aNew York
_bUNITED NATIONS
_c1958
300 _axiv, 242p. : ill.
350 _a0.00
650 0 _aECONOMIC DEVELOPMENT--AFRICA, SUB-SAHARAN
650 0 _aECONOMICS
995 _D0.00
_FCBU-MAIN LIBRARY (Kitwe)
_H1
_I0.00
_M1
_ULOST
_VMar 11, 2013
_ZMain Library Open Access Collection
999 _c50303
_d50303